00869nam a2200253 a 450000100060000000300080000600500170001400800410003102000150007203500190008704000320010604100080013808200310014610000260017724501390020326000440034230000260038650400520041265000300046465000280049465000480052270000190057070000260058952146BD-RjUL20211209075747.0160906s1995 enk b 000 0 eng  a0821335162 a(BD-RjUL)52266 aDLCcDLCdDLCdBD-RjULbeng aeng00a332.71095492223bKHS 19951 aKhandker, Shahidur R.10aSustainability of a government targeted credit program :bevidence from Bangladesh /cShahidur R. Khandker, Zahed Khan, Baqui Khalily. aWashington, D.C. :bWorld Bank,cc1995. axiii, 94 p. ;c28 cm. aIncludes bibliographical references (p. 93-94). 0aRural creditzBangladesh. 0aRural poorzBangladesh. 0aBanks and banking, CooperativezBangladesh.1 aKhan, Zahed H.1 aKhalily, M. A. Baqui.